Securities Markets and Product (Record no. 4815)

MARC details
000 -LEADER
fixed length control field 00319nam a22001457a 4500
005 - DATE AND TIME OF LATEST TRANSACTION
control field 20160630094128.0
008 - FIXED-LENGTH DATA ELEMENTS--GENERAL INFORMATION
fixed length control field 160630b xxu||||| |||| 00| 0 eng d
041 ## - LANGUAGE CODE
Language code of text/sound track or separate title eng
082 ## - DEWEY DECIMAL CLASSIFICATION NUMBER
Item number 10909
245 ## - TITLE STATEMENT
Title Securities Markets and Product
260 ## - PUBLICATION, DISTRIBUTION, ETC. (IMPRINT)
Name of publisher Taxmann
300 ## - PHYSICAL DESCRIPTION
Number of Pages 576
650 ## - SUBJECT ADDED ENTRY--TOPICAL TERM
Topical Term Management
942 ## - ADDED ENTRY ELEMENTS (KOHA)
Koha item type Books
Holdings
Lost status Damaged status Collection code Home library Current library Shelving location Date acquired Cost, normal purchase price Full call number Accession Number Koha item type
    MANAGEMENT JRU Library   SHELF- 68 G 30/06/2016 425.00 10909 10909 Books